La Madre del sumo y eterno sacerdote: (Record no. 23460)

MARC details
000 -LEADER
campo de control de longitud fija 00665nam a2200193 i 4500
001 - NÚMERO DE CONTROL
campo de control 23460
003 - IDENTIFICADOR DE NÚMERO DE CONTROL
campo de control ES-MaACL
005 - FECHA Y HORA DE LA ÚLTIMA TRANSACCIÓN
campo de control 20250820051412.0
007 - CAMPO FIJO DE DESCRIPCIÓN FÍSICA--INFORMACIÓN GENERAL
campo de control de longitud fija t|
008 - DATOS DE LONGITUD FIJA--INFORMACIÓN GENERAL
campo de control de longitud fija 021210s1968 sp ||||1| spa d
100 1# - ENTRADA PRINCIPAL--NOMBRE DE PERSONA
Nombre de persona Alvarez Herrera, Félix M.
9 (RLIN) 20839
245 13 - MENCIÓN DEL TÍTULO
Título La Madre del sumo y eterno sacerdote:
Resto del título su cooperación del todo singular a la obra del Salvador /
Mención de responsabilidad, etc. Félix M. Álvarez Herrera ; prólogo del cardenal Cento.
260 ## - PUBLICACIÓN, DISTRIBUCIÓN, ETC.
Lugar de publicación, distribución, etc. Barcelona :
Nombre del editor, distribuidor, etc. Herder,
Fecha de publicación, distribución, etc. 1968.
300 ## - DESCRIPCIÓN FÍSICA
Extensión 395 p. ;
Dimensiones 18 cm.
600 04 - PUNTO DE ACCESO ADICIONAL DE MATERIA--NOMBRE DE PERSONA
Nombre de persona Virgen María
9 (RLIN) 115436
700 1# - ENTRADA AGREGADA--NOMBRE PERSONAL
Nombre de persona Cento, Ferdinando,
Títulos y otros términos asociados al nombre Cardinale.
9 (RLIN) 171421
852 ## - LOCALIZACIÓN
Ubicación ES-MaACL
Número de control de estantería C-34487
Holdings
Estatus retirado Estado de pérdida Estado de daño No para préstamo Biblioteca de origen Biblioteca actual Ubicación en estantería Fecha de adquisición Fuente de adquisición Total de préstamos Signatura topográfica completa Código de barras Visto por última vez Precio de reemplazo Tipo de ítem Koha
        Biblioteca del Ateneo de Madrid Biblioteca del Ateneo de Madrid Depósito 2 17/01/2008     C-34487 1024172 23/02/2023 23/02/2023 Libro impreso